[Event "BL2 Ost 1718 (Women)"]
[Site "Germany"]
[Date "2018.02.17"]
[Round "6.5"]
[White "Neumeyer, Hannelore"]
[Black "Fischer, Franziska"]
[Result "1/2-1/2"]
[WhiteElo "1919"]
[BlackElo "1726"]
[PlyCount "52"]
[EventDate "2017.10.14"]
[EventType "team-tourn"]
[EventRounds "7"]
[EventCountry "GER"]
[SourceTitle "EXT 2019"]
[Source "ChessBase"]
[SourceDate "2018.10.10"]
[SourceVersion "1"]
[SourceVersionDate "2018.10.10"]
[SourceQuality "1"]
[WhiteTeam "Leipzig Lindenau (W)"]
[BlackTeam "Chemnitz Aufbau (W)"]
[WhiteTeamCountry "GER"]
[BlackTeamCountry "GER"]

1. d4 d5 2. e4 e6 3. c4 c5 4. Nc3 dxe4 5. d5 exd5 6. cxd5 Nf6 7. Bg5 Bf5 8. f3 Qb6 9. Bxf6 gxf6 10. fxe4 Qxb2 11. Rc1 Bg4 12. Be2 Bxe2 13. Ngxe2 Qb6 14. 0-0 Nd7 15. Ng3 0-0-0 16. Nf5 Rg8 17. Rb1 Qa6 18. Qb3 Ne5 19. Nb5 c4 20. Qe3 Nd3 21. d6 Qxa2 22. Nxa7+ Kb8 23. Nc6+ Ka8 24. Ra1 Rxg2+ 25. Kh1 Rxh2+ 26. Kg1 Rg2+ 1/2-1/2

[Event "Regionalliga SO 1617 (Women)"]
[Site "Germany"]
[Date "2016.11.13"]
[Round "2.4"]
[White "Fischer, Franziska"]
[Black "Grund, Melanie"]
[Result "0-1"]
[WhiteElo "1726"]
[BlackElo "1804"]
[PlyCount "64"]
[EventDate "2016.10.23"]
[EventType "team-tourn"]
[EventRounds "5"]
[EventCountry "GER"]
[SourceTitle "EXT 2018"]
[Source "ChessBase"]
[SourceDate "2017.10.13"]
[SourceVersion "1"]
[SourceVersionDate "2017.10.13"]
[SourceQuality "1"]
[WhiteTeam "Chemnitz Aufbau (W)"]
[BlackTeam "Saalfeld (W)"]
[WhiteTeamCountry "GER"]
[BlackTeamCountry "GER"]

1. d4 d5 2. e3 e6 3. Bd3 Bd6 4. f4 Nd7 5. Nf3 f5 6. 0-0 Ngf6 7. Ne5 0-0 8. Nd2 Ne4 9. c3 c6 10. Qb3 c5 11. Bxe4 fxe4 12. Nxd7 Qxd7 13. f5 c4 14. fxe6 Bxh2+ 15. Kh1 Rxf1+ 16. Nxf1 Qxe6 17. Qb5 Bd6 18. Bd2 b6 19. Be1 Bd7 20. Qa6 Bc6 21. b4 Rf8 22. Kg1 Qf7 23. Ng3 Qg6 24. Nf1 Qh6 25. Bd2 Bb8 26. Qa3 Rxf1+ 27. Kxf1 Qh1+ 28. Ke2 Qxa1 29. Bc1 Be8 30. Qb2 Qxb2+ 31. Bxb2 Bh5+ 32. Kf2 Kf7 0-1

[Event "GER-chT U20 Girls"]
[Site "Osnabrueck"]
[Date "2015.12.28"]
[Round "3.4"]
[White "Fischer, Franziska"]
[Black "Schaefer, Ann Kathrin"]
[Result "1-0"]
[WhiteElo "1468"]
[BlackElo "1576"]
[PlyCount "71"]
[EventDate "2015.12.27"]
[EventType "team-swiss"]
[EventRounds "7"]
[EventCountry "GER"]
[SourceTitle "EXT 2017"]
[Source "ChessBase"]
[SourceDate "2016.10.25"]
[SourceVersion "1"]
[SourceVersionDate "2016.10.25"]
[SourceQuality "1"]
[WhiteTeam "Chemnitz Aufbau"]
[BlackTeam "Bechhofen"]
[WhiteTeamCountry "GER"]
[BlackTeamCountry "GER"]

1. d4 e6 2. e3 f5 3. c4 Nf6 4. Nc3 b6 5. Nf3 Bb7 6. a3 Be7 7. Be2 0-0 8. 0-0 d6 9. Qc2 Ne4 10. b4 Nd7 11. Bb2 Qe8 12. Nb5 Bd8 13. Rad1 Rf6 14. c5 dxc5 15. dxc5 e5 16. cxb6 cxb6 17. Nc7 Bxc7 18. Qxc7 Bc6 19. Nxe5 Rc8 20. Bc4+ Kf8 21. Nxd7+ Bxd7 22. Qxd7 Rxc4 23. Qxe8+ Kxe8 24. Bxf6 Nxf6 25. Rc1 Rxc1 26. Rxc1 Kd7 27. f3 Kd6 28. Kf2 b5 29. h3 a6 30. g4 fxg4 31. hxg4 Nd5 32. f4 g6 33. Rh1 Nf6 34. Kf3 Kd5 35. e4+ Nxe4 36. Rd1+ 1-0

[Event "BL2 Sued 1516 (Women)"]
[Site "Germany"]
[Date "2015.09.27"]
[Round "2.6"]
[White "Heymann, Marianne"]
[Black "Fischer, Franziska"]
[Result "1/2-1/2"]
[WhiteElo "1806"]
[BlackElo "1771"]
[PlyCount "49"]
[EventDate "2015.09.26"]
[EventType "team-tourn"]
[EventRounds "7"]
[EventCountry "GER"]
[SourceTitle "EXT 2017"]
[Source "ChessBase"]
[SourceDate "2016.10.25"]
[SourceVersion "1"]
[SourceVersionDate "2016.10.25"]
[SourceQuality "1"]
[WhiteTeam "Hofheim (W)"]
[BlackTeam "Chemnitz Aufbau (W)"]
[WhiteTeamCountry "GER"]
[BlackTeamCountry "GER"]

1. f4 d5 2. Nf3 c5 3. e3 e6 4. b3 Nc6 5. Bb5 Bd7 6. Bb2 a6 7. Bxc6 Bxc6 8. 0-0 Nf6 9. Ne5 Rc8 10. d3 Bd6 11. Nd2 0-0 12. g4 Nd7 13. Nxc6 Rxc6 14. Qe1 e5 15. f5 d4 16. Ne4 Be7 17. Rf3 Nf6 18. Nxf6+ Bxf6 19. Rh3 Bg5 20. Bc1 Re8 21. e4 b5 22. Rh5 Bxc1 23. Rxc1 c4 24. b4 Qe7 25. a3 1/2-1/2

[Event "GER-chT U20 Girls"]
[Site "Osnabrueck"]
[Date "2013.12.27"]
[Round "2.4"]
[White "Finke, Lara"]
[Black "Fischer, Franziska"]
[Result "0-1"]
[WhiteElo "1453"]
[BlackElo "1530"]
[PlyCount "114"]
[EventDate "2013.12.27"]
[EventType "team-swiss"]
[EventRounds "7"]
[EventCountry "GER"]
[SourceTitle "EXT 2015"]
[Source "ChessBase"]
[SourceDate "2014.11.20"]
[SourceVersion "1"]
[SourceVersionDate "2014.11.20"]
[SourceQuality "1"]
[WhiteTeam "Dortmund"]
[BlackTeam "Chemnitz II"]
[WhiteTeamCountry "GER"]
[BlackTeamCountry "GER"]

1. e4 c6 2. d4 d5 3. Nc3 dxe4 4. Nxe4 Bf5 5. Ng3 Bg6 6. Nf3 Nf6 7. Be2 e6 8. 0-0 Bd6 9. c3 0-0 10. Re1 Nbd7 11. Bd3 Bxd3 12. Qxd3 h6 13. Bd2 Qb6 14. b3 Rad8 15. Rac1 c5 16. Be3 Ng4 17. Rcd1 cxd4 18. Bxd4 Bc5 19. Bxc5 Nxc5 20. Qc2 Nd7 21. Re4 Ndf6 22. Red4 e5 23. R4d2 h5 24. h3 h4 25. Nf5 e4 26. Rxd8 Rxd8 27. Rxd8+ Qxd8 28. N3xh4 Ne5 29. Nd4 g6 30. g3 Qd7 31. Kh2 Qd5 32. Qc1 Nd3 33. Qe3 Qa5 34. Qd2 Nd5 35. Ne2 Qc5 36. Nd4 Nxc3 37. Qe3 Qd5 38. Ne2 Nxa2 39. Qxa7 Qxb3 40. Qe3 Qd5 41. Ng2 Ne5 42. Ngf4 Nf3+ 43. Kg2 Qe5 44. Qb3 Ne1+ 45. Kh2 Qa1 46. Qxb7 Nf3+ 47. Kg2 Nd2 48. g4 Qf1+ 49. Kg3 g5 50. Qa8+ Kh7 51. Qxa2 gxf4+ 52. Nxf4 Qg1+ 53. Ng2 Nf1+ 54. Kf4 Qh2+ 55. Kf5 Kg7 56. Qb2+ Kg8 57. Qb8+ Qxb8 0-1

[Event "Sachsen-ch U16 Girls"]
[Site "Sebnitz"]
[Date "2013.04.06"]
[Round "6"]
[White "Nitzsche, Pia"]
[Black "Fischer, Franziska"]
[Result "1-0"]
[WhiteElo "1594"]
[BlackElo "1046"]
[PlyCount "85"]
[EventDate "2013.04.02"]
[EventType "swiss"]
[EventRounds "7"]
[EventCountry "GER"]
[SourceTitle "EXT 2014"]
[Source "ChessBase"]
[SourceDate "2013.11.20"]
[SourceVersion "1"]
[SourceVersionDate "2013.11.20"]
[SourceQuality "1"]

1. c4 e5 2. Nc3 Nf6 3. Nf3 Nc6 4. d3 d5 5. cxd5 Nxd5 6. g3 Be6 7. Bg2 Bc5 8. 0-0 0-0 9. Bd2 Qf6 10. Qc1 Nxc3 11. Bxc3 Nd4 12. Nxd4 exd4 13. Bd2 c6 14. Qxc5 Bf5 15. Bf4 Rfe8 16. Rfe1 Bg4 17. Bf1 b6 18. Qc1 Qg6 19. h3 Bd7 20. Bg2 Rac8 21. Qc4 c5 22. Qd5 Bc6 23. Qg5 Qxg5 24. Bxg5 Bxg2 25. Kxg2 f6 26. Bd2 g5 27. Rac1 Kg7 28. a3 h5 29. Kf1 g4 30. h4 f5 31. b4 Kf6 32. bxc5 Rxc5 33. Rxc5 bxc5 34. Rc1 Rc8 35. Bb4 Ke5 36. Rxc5+ Rxc5 37. Bxc5 a5 38. a4 f4 39. Bb6 f3 40. exf3 gxf3 41. Bxa5 Kd5 42. Bb6 Ke5 43. a5 1-0

[Event "GER-chT U20 Girls"]
[Site "Osnabrueck"]
[Date "2012.12.29"]
[Round "6.3"]
[White "Spangenberg, Pia"]
[Black "Fischer, Franziska"]
[Result "1/2-1/2"]
[WhiteElo "1543"]
[BlackElo "1561"]
[PlyCount "47"]
[EventDate "2012.12.27"]
[EventType "team-swiss"]
[EventRounds "7"]
[EventCountry "GER"]
[SourceTitle "EXT 2014"]
[Source "ChessBase"]
[SourceDate "2013.11.20"]
[SourceVersion "1"]
[SourceVersionDate "2013.11.20"]
[SourceQuality "1"]
[WhiteTeam "Leipzig Lindenau"]
[BlackTeam "Chemnitz Aufbau"]
[WhiteTeamCountry "GER"]
[BlackTeamCountry "GER"]

1. d4 d5 2. Nf3 Nf6 3. e3 e6 4. Bd3 c5 5. b3 Bd6 6. Bb2 b6 7. 0-0 0-0 8. Ne5 Bb7 9. f4 Nbd7 10. c4 dxc4 11. bxc4 Ne4 12. Nd2 Nxd2 13. Qxd2 f5 14. Rad1 cxd4 15. exd4 Nxe5 16. fxe5 Be7 17. Kh1 Rc8 18. d5 exd5 19. cxd5 Qxd5 20. Bxf5 Qxd2 21. Rxd2 Be4 22. Be6+ Kh8 23. Rxf8+ Rxf8 24. Bc4 1/2-1/2

[Event "GER-ch Net final U25 Girls"]
[Site "Playchess.com INT"]
[Date "2012.09.15"]
[Round "5"]
[White "Wastian, Mareike"]
[Black "Fischer, Franziska"]
[Result "0-1"]
[WhiteElo "1469"]
[BlackElo "1327"]
[PlyCount "36"]
[EventDate "2012.09.15"]
[EventType "swiss (blitz)"]
[EventRounds "7"]
[EventCountry "GER"]
[SourceTitle "CBM 150 Extra"]
[Source "ChessBase"]
[SourceDate "2012.10.19"]
[SourceVersion "1"]
[SourceVersionDate "2012.10.19"]
[SourceQuality "1"]

1. e4 c6 2. d4 d5 3. e5 Bf5 4. Nc3 e6 5. g4 Bg6 6. h4 h6 7. h5 Bh7 8. Bd3 Bxd3 9. Qxd3 Nd7 10. Be3 Qe7 11. f4 0-0-0 12. 0-0-0 f6 13. Nf3 fxe5 14. fxe5 Nb6 15. Nh4 Nc4 16. Ng6 Qb4 17. b3 Qa3+ 18. Kb1 Qb2# 0-1

[Event "GER-ch Net qual2 U18"]
[Site "Playchess.com INT"]
[Date "2012.09.05"]
[Round "1"]
[White "Fischer, Franziska"]
[Black "Moehn, Hans"]
[Result "1-0"]
[WhiteElo "1239"]
[BlackElo "2000"]
[PlyCount "55"]
[EventDate "2012.09.05"]
[EventType "swiss (blitz)"]
[EventRounds "7"]
[EventCountry "GER"]
[SourceTitle "CBM 150 Extra"]
[Source "ChessBase"]
[SourceDate "2012.10.19"]
[SourceVersion "1"]
[SourceVersionDate "2012.10.19"]
[SourceQuality "1"]

1. d4 Nf6 2. e3 e6 3. Bd3 c5 4. c3 b6 5. Nf3 Bb7 6. 0-0 Be7 7. Nbd2 d6 8. b4 0-0 9. bxc5 dxc5 10. a4 Nc6 11. Nc4 Rc8 12. a5 cxd4 13. cxd4 Nb4 14. Be2 b5 15. Nce5 a6 16. Nd3 Ne4 17. Nxb4 Bxb4 18. Bd2 Bd6 19. Rc1 Qe7 20. Bd3 Nxd2 21. Nxd2 e5 22. dxe5 Qxe5 23. g3 Rxc1 24. Qxc1 Qd5 25. Be4 Qxe4 26. Nxe4 Bxe4 27. f3 Bd3 28. Rd1 1-0

[Event "GER-ch Net qual2 U18"]
[Site "Playchess.com INT"]
[Date "2012.09.05"]
[Round "6"]
[White "Meyers, Mark"]
[Black "Fischer, Franziska"]
[Result "1-0"]
[WhiteElo "1971"]
[BlackElo "1239"]
[PlyCount "49"]
[EventDate "2012.09.05"]
[EventType "swiss (blitz)"]
[EventRounds "7"]
[EventCountry "GER"]
[SourceTitle "CBM 150 Extra"]
[Source "ChessBase"]
[SourceDate "2012.10.19"]
[SourceVersion "1"]
[SourceVersionDate "2012.10.19"]
[SourceQuality "1"]

1. Nf3 c6 2. c4 d5 3. g3 Nf6 4. Bg2 e6 5. 0-0 Be7 6. b3 0-0 7. Bb2 Nbd7 8. d3 b6 9. Nbd2 a5 10. Rc1 b5 11. Rc2 a4 12. Nd4 a3 13. Nxc6 Qc7 14. Nxe7+ Kh8 15. Ba1 b4 16. cxd5 Qd6 17. dxe6 Qxe7 18. Bxa8 Qxe6 19. Ne4 Nxe4 20. Bxe4 Nf6 21. Bg2 Nd5 22. Qc1 f5 23. Rc6 Qd7 24. Qc5 Bb7 25. Qxf8# 1-0

[Event "Sachsen-ch U14 Girls"]
[Site "Sebnitz"]
[Date "2012.04.14"]
[Round "7"]
[White "Fischer, Franziska"]
[Black "Zimmermann, Lena"]
[Result "1-0"]
[WhiteElo "899"]
[BlackElo "732"]
[PlyCount "81"]
[EventDate "2012.04.10"]
[EventType "swiss"]
[EventRounds "7"]
[EventCountry "GER"]
[SourceTitle "CBM 148 Extra"]
[Source "ChessBase"]
[SourceDate "2012.06.22"]
[SourceVersion "1"]
[SourceVersionDate "2012.06.22"]
[SourceQuality "1"]

1. e4 e5 2. Nf3 Nc6 3. Bc4 Nf6 4. d4 exd4 5. Nxd4 Bc5 6. Nxc6 bxc6 7. Nc3 0-0 8. Bg5 Rb8 9. b3 d6 10. Qf3 Bd4 11. 0-0-0 d5 12. Be2 Qd6 13. Rxd4 Bg4 14. Qe3 h6 15. e5 Qe6 16. exf6 Qxe3+ 17. Bxe3 Bf5 18. g4 Be6 19. fxg7 Kxg7 20. g5 hxg5 21. Bxg5 f6 22. Bf4 c5 23. Rdd1 Rb4 24. Rhg1+ Kf7 25. Bxc7 Rh4 26. Bd6 d4 27. Bxf8 Kxf8 28. Nb5 Re4 29. Bh5 Re5 30. Bf3 Bd7 31. Nd6 a5 32. Rg6 Re6 33. Nf5 Ke8 34. Rg8+ Kf7 35. Rdg1 Re5 36. R1g7+ Ke6 37. Bg4 Re1+ 38. Kb2 Kd5 39. Rxd7+ Kc6 40. Rd6+ Kb5 41. Rb8# 1-0

[Event "GER-chT U20 Girls"]
[Site "Osnabrueck"]
[Date "2011.12.29"]
[Round "6.4"]
[White "Fischer, Franziska"]
[Black "Friese, Sarah"]
[Result "0-1"]
[WhiteElo "1504"]
[BlackElo "1386"]
[PlyCount "112"]
[EventDate "2011.12.27"]
[EventType "team-swiss"]
[EventRounds "7"]
[EventCountry "GER"]
[SourceTitle "CBM 146 Extra"]
[Source "ChessBase"]
[SourceDate "2012.02.29"]
[SourceVersion "1"]
[SourceVersionDate "2012.02.29"]
[SourceQuality "1"]
[WhiteTeam "Chemnitz Aufbau (W)"]
[BlackTeam "Dortmund 1875 (W)"]
[WhiteTeamCountry "GER"]
[BlackTeamCountry "GER"]

1. d4 d5 2. e3 Bf5 3. Bd3 Bxd3 4. Qxd3 c6 5. Nf3 Nf6 6. Nbd2 Nbd7 7. b3 e6 8. Bb2 Bd6 9. 0-0 0-0 10. e4 dxe4 11. Nxe4 Nxe4 12. Qxe4 Nf6 13. Qd3 c5 14. c4 cxd4 15. Qxd4 Be7 16. Qxd8 Rfxd8 17. Rad1 Rxd1 18. Rxd1 Rd8 19. Rxd8+ Bxd8 20. a3 Ne4 21. Kf1 Bb6 22. Bd4 Bxd4 23. Nxd4 e5 24. Nf3 f6 25. Ke2 Kf7 26. Nd2 Nd6 27. c5 Nb5 28. a4 Nd4+ 29. Kd3 Ke6 30. Kc4 Nc6 31. b4 f5 32. b5 Ne7 33. Nb1 e4 34. Kd4 Nd5 35. Nc3 Nxc3 36. Kxc3 Kd5 37. Kb4 f4 38. c6 bxc6 39. bxc6 Kxc6 40. Kc4 e3 41. fxe3 fxe3 42. Kd3 Kc5 43. Kxe3 Kb4 44. Kd4 Kxa4 45. Kc4 Ka5 46. Kc5 h5 47. h4 g6 48. g3 a6 49. Kc4 Kb6 50. Kb4 Kc6 51. Ka5 Kd5 52. Kxa6 Ke4 53. Kb5 Kf3 54. Kc4 Kxg3 55. Kd3 Kxh4 56. Ke3 Kg3 0-1

[Event "GER-chT U20 Girls"]
[Site "Osnabrueck"]
[Date "2011.12.28"]
[Round "4.4"]
[White "Fischer, Franziska"]
[Black "Schlichter, Lisa"]
[Result "1/2-1/2"]
[WhiteElo "1504"]
[BlackElo "1287"]
[PlyCount "73"]
[EventDate "2011.12.27"]
[EventType "team-swiss"]
[EventRounds "7"]
[EventCountry "GER"]
[SourceTitle "CBM 146 Extra"]
[Source "ChessBase"]
[SourceDate "2012.02.29"]
[SourceVersion "1"]
[SourceVersionDate "2012.02.29"]
[SourceQuality "1"]
[WhiteTeam "Chemnitz Aufbau (W)"]
[BlackTeam "Lingen (W)"]
[WhiteTeamCountry "GER"]
[BlackTeamCountry "GER"]

1. d4 d5 2. e3 Bf5 3. Bd3 Bxd3 4. Qxd3 c6 5. Nf3 Nf6 6. Nbd2 Nbd7 7. b3 e6 8. Bb2 Bd6 9. 0-0 Qe7 10. c4 c5 11. Rfe1 0-0 12. e4 dxe4 13. Nxe4 Nxe4 14. Qxe4 cxd4 15. Qxd4 Nf6 16. Rad1 Bc5 17. Qf4 Rad8 18. h3 Bd6 19. Qh4 h6 20. Ne5 Nh7 21. Qg4 Qg5 22. Qxg5 Nxg5 23. h4 Nh7 24. Nf3 Be7 25. Bd4 b6 26. g3 Nf6 27. Ne5 Rc8 28. Bc3 Rfd8 29. Rxd8+ Bxd8 30. Rd1 Ne4 31. Bb2 Bf6 32. Re1 Nc5 33. Re2 Rd8 34. Nc6 Rd1+ 35. Kg2 Bxb2 36. Rxb2 Rd7 37. Re2 1/2-1/2

[Event "Sachsen-ch U14 Girls"]
[Site "Sebnitz"]
[Date "2011.04.27"]
[Round "2"]
[White "Nitzsche, Pia"]
[Black "Fischer, Franziska"]
[Result "1-0"]
[WhiteElo "1540"]
[BlackElo "805"]
[PlyCount "83"]
[EventDate "2011.04.26"]
[EventType "swiss"]
[EventRounds "7"]
[EventCountry "GER"]
[SourceTitle "EXT 2012"]
[Source "ChessBase"]
[SourceDate "2011.11.24"]
[SourceVersion "1"]
[SourceVersionDate "2011.11.24"]
[SourceQuality "1"]

1. c4 c5 2. Nc3 Nf6 3. Nf3 d6 4. g3 Nc6 5. Bg2 h5 6. d3 e5 7. 0-0 Be7 8. a3 Nd7 9. Rb1 h4 10. e4 a5 11. Nd5 g6 12. Nxe7 Qxe7 13. Nxh4 g5 14. Nf5 Qf6 15. Qg4 Qg6 16. Qxg5 Qh7 17. Qh6 Qg8 18. Qg7 Qxg7 19. Nxg7+ Kd8 20. Nf5 Nf6 21. Nxd6 Be6 22. Nxb7+ Kc7 23. Nxc5 Bh3 24. Nb3 Rad8 25. Rd1 Bg4 26. f3 Bd7 27. Bg5 Rh5 28. Bxf6 Rg8 29. d4 a4 30. Nc5 Bh3 31. Bxh3 Rxh3 32. Bxe5+ Kb6 33. Nxa4+ Kb7 34. Nc5+ Kc8 35. b4 Rg6 36. b5 Ne7 37. b6 Nc6 38. b7+ Kd8 39. d5 Nxe5 40. b8Q+ Ke7 41. Qxe5+ Kd8 42. Rb8# 1-0

[Event "BL2 Mitte 1011 (Women)"]
[Site "Germany"]
[Date "2011.02.20"]
[Round "7.5"]
[White "Grohmann, Katrin"]
[Black "Fischer, Franziska"]
[Result "1-0"]
[WhiteElo "1874"]
[BlackElo "1411"]
[PlyCount "73"]
[EventDate "2010.11.06"]
[EventType "team-tourn"]
[EventRounds "7"]
[EventCountry "GER"]
[SourceTitle "EXT 2012"]
[Source "ChessBase"]
[SourceDate "2011.11.24"]
[SourceVersion "1"]
[SourceVersionDate "2011.11.24"]
[SourceQuality "1"]
[WhiteTeam "Erfurt Medizin (W)"]
[BlackTeam "Chemnitz (W)"]
[WhiteTeamCountry "GER"]
[BlackTeamCountry "GER"]

1. e4 c6 2. d4 d5 3. exd5 cxd5 4. Bd3 Nc6 5. c3 Nf6 6. Bf4 e6 7. Nf3 Bd6 8. Bxd6 Qxd6 9. 0-0 0-0 10. Re1 Bd7 11. Ne5 Rab8 12. Qe2 a6 13. Nd2 b5 14. a3 Rfd8 15. Ndf3 Be8 16. Nxc6 Bxc6 17. Ne5 Bb7 18. f4 Re8 19. f5 exf5 20. Bxf5 g6 21. Bh3 Rbd8 22. Qf3 Qb6 23. Re2 Rd6 24. Rf1 Rf8 25. Qf4 Qc7 26. g3 a5 27. Nd3 Bc6 28. Bg2 Qd8 29. Nc5 b4 30. axb4 axb4 31. Ref2 bxc3 32. bxc3 Nh5 33. Qd2 Qc7 34. Re1 Ng7 35. Rfe2 Bb5 36. Re7 Qb6 37. Rb1 1-0

[Event "GER-ch Net qual4 U14"]
[Site "Playchess.com INT"]
[Date "2009.06.17"]
[Round "5"]
[White "Fischer, Franziska"]
[Black "Mager, Denis"]
[Result "0-1"]
[WhiteElo "1297"]
[BlackElo "1607"]
[PlyCount "50"]
[EventDate "2009.06.17"]
[EventType "swiss (blitz)"]
[EventRounds "7"]
[EventCountry "GER"]
[SourceTitle "CBM 130 Extra"]
[Source "ChessBase"]
[SourceDate "2009.07.02"]
[SourceVersion "2"]
[SourceVersionDate "2009.07.15"]
[SourceQuality "1"]

1. d4 e6 2. c4 b6 3. Nc3 Bb7 4. e4 Bb4 5. Bd2 Bxc3 6. Bxc3 Bxe4 7. d5 Nf6 8. dxe6 dxe6 9. Qxd8+ Kxd8 10. Rd1+ Ke7 11. f3 Bb7 12. Ne2 c5 13. Nf4 Nc6 14. Be2 Rad8 15. 0-0 Rxd1 16. Rxd1 Rd8 17. Bxf6+ gxf6 18. Nh5 Nd4 19. Bf1 Nxf3+ 20. gxf3 Rxd1 21. Kf2 Rd2+ 22. Kg3 Rxb2 23. a3 Rb3 24. a4 Rxf3+ 25. Kg2 Rf5+ 0-1